000 01004nam0a22002771 4500
001 rc\2811696
005 20250806210654.0
035 _a(NLR Aleph) 006937530
090 _a16628
_c16628
100 _a20110915d1944 u y0rusy50 ca
101 0 _arus
102 _aRU
105 _aac j |||||
200 1 _aEnglish
_eУчебник англ. яз.
_eДля 10-го класса сред. школы
_eУтв. НКП РСФСР
_fН. В. Егорова, И. М. Стржалковская
205 _a4-е изд.
210 _aМосква
_cУчпедгиз
_d1944
215 _a112 с.
_cил., портр.
_d22 см.
700 1 _aЕгорова
_bН.В.
_gНадежда Валериановна
701 1 _aСтржалковская
_bИ.М.
_gИрина Михайловна
801 0 _aRU
_bNLR
_gpsbo
801 1 _aRU
_bELAR
_2rusmarc
852 _aNLR
_jЯ60 Г-5/260
942 _cBOOK
945 _aРоссийская национальная библиотека
980 _aNB
980 _aBV